000 00522nmm a2200169Ia 4500
008 251105s9999||||xx |||||||||||||||||und||
020 _a9789587387476
041 _aspa
100 _aGalindo Rojas, Edna Jeannet
245 0 _aNeurobiología de la percepción visual
264 _a[Bogotá, Colombia] :
_bUniversidad del Rosario,
_c2016
300 _a175 páginas
490 _aTextos de medicina y de ciencias humanas
650 _aMedicine
856 _uhttps://public.digitaliapublishing.com/a/46416
942 _cCF
999 _c95854
_d95854